Statistiques concernant Capitales en rébus #1

Cliquez ici pour prendre le quiz!

Statistiques générales

  • Ce quiz a été pris 24 947 fois
  • Le résultat moyen est 7 sur 10

Réponses sur la Carte

Les réponses sont colorées sur une échelle allant du rouge au vert en fonction du pourcentage des utilisateurs qui les ont devinées à leur premier essai. Vous pouvez retrouver ces pourcentages ci-dessous.
 

Statistiques - réponses

RébusCapitale% Correct
4Paris
95%
9Nairobi
86%
6New Delhi
86%
5Tokyo
85%
8Madrid
82%
7Ottawa
81%
10Rabat
76%
3Dodoma
41%
2Erevan
33%
1Ankara
28%

Distribution des résultats

Percentile par nombre de réponses

% des personnes avec chaque résultat

Votre développement - résultats

Vous n’avez pas pris ce quiz